COD zombies - Statistics

General Stats
  • This quiz has been taken 105 times
  • The average score is 9 of 13
Answer Stats
Hint Answer % Correct
WaW quick revive
98%
WaW speed cola
94%
WaW double tap
93%
WaW Juggernog
92%
BO phd flopper
83%
BO stamin up
81%
BO III widows wine
79%
BO mule kick
77%
BO II electric cherry
65%
BO II tombstone
55%
BO deadshot daiquiri
50%
BO II vultures
24%
BO II guess who
1%
No matching quizzes found
Score Distribution
Percent of People with Each Score
Percentile by Number Answered
Your Score History
You have not taken this quiz